Onion Story or Real Story? Part II Quiz Stats

 Plays Quiz Updated Dec 26, 2014

Challenge
Share
Tweet
Embed
Score 0/20 Timer 04:00
1 Play Today
Headline Source % Correct
Man Arrested After Calf Found In Back Seat Of Car???
81.6%
10th-Grade Prodigy Studying Mathematics At 10th-Grade Level???
77.2%
Astronomers Celebrate 300th Anniversary Of Discovering Sky???
77%
Company Denies Man Lost Job Over Playgirl Spread???
76.9%
Congress Passes Bill To Add Armed Patrol To U.S. Poverty Line???
76.5%
Navy Forms Elite New SEAL Team To Write Best-Selling Tell-All Books???
75.9%
Dutch To Public: Don't Pee On The Royal Palace???
74.8%
Lasers, Strobes And 46,000 Bulbs: Reno Man Is Ready for Xmas???
74.7%
Chain Saw Stolen In Florida Thief's Pants???
72.9%
Astronomers Thrilled By Extreme Storms On Uranus???
71.8%
Headline Source % Correct
A Mere 2 Million Rats Make New York City Home, Statistician Says???
70.2%
First-Time Voter Will Always Remember Day He Cast Ballot For Nick Barborak???
68.1%
More Americans Putting Off Marriage Until Ultimatum???
68%
First Test-Tube Baby Penguin Says Hello To The World???
66%
Laid-Back Company Allows Employees To Work From Home After 6 P.M.???
63%
Astronomers Discover Planet Identical To Earth With Orbital Space Mirror???
62.9%
Substance That Gives Natural Gas Its Smell Spills???
61.8%
Artist Seeks Needle In Giant Haystack???
53.8%
TV Show Under Fire For Depicting Murder???
39%
NFL Releases New Study On Long-Term Damage Of Concussion Research???
33%

You're not logged in!

Compare scores with friends on all Sporcle quizzes.
Join for Free
OR
Log In

You Might Also Like...

Show Comments

Extras

Top Quizzes Today


Score Distribution

Your Account Isn't Verified!

In order to create a playlist on Sporcle, you need to verify the email address you used during registration. Go to your Sporcle Settings to finish the process.

Report this User

Report this user for behavior that violates our Community Guidelines.

Details: